00529nam a2200169 a 4500008004100000020002200041100002100063245007700084260005200161300003400213504004100247500002000288650002400308003000100332005001700333040000900350  a052166649X (pbk.)1 aGil, Victor M.S.10aOrbitals in chemistry :ba modern guide for students /cVictor M.S. Gil. aCambridge :bCambridge University Press,c2000. axii, 314 p. :bill. ;c26 cm. aIncludes bibliographical references. aIncludes index. 0aMolecular orbitals.20230123133820.0 cNUST